Физика. Квантовая физика: учебник

Detaylı Bibliyografya
Yazar: Тюрин Ю. И. Юрий Иванович
Müşterek Yazar: Национальный исследовательский Томский политехнический университет (ТПУ)
Diğer Yazarlar: Чернов И. П. Иван Петрович, Крючков Ю. Ю. Юрий Юрьевич
Özet:Заглавие с титульного экрана
Электронная версия печатной публикации
Учебник посвящен физике квантовых процессов, содержит многочисленные примеры, упражнения и задачи. Основное внимание уделено раскрытию физического смысла квантовой оптики, квантово-механическому описанию свойств атомов, современным представлениям физики конденсированного состояния. Классический по построению и содержанию курс имеет целью выработать у студентов практические навыки использования фундаментальных физических закономерностей для решения профессиональных задач. Учебник разработан в рамках реализации Инновационной образовательной программы ТПУ по направлению «Технологии водородной энергетики, энергосбережение и возобновляемые источники энергии» и предназначен для преподавателей, студентов, бакалавров, магистров, обучающихся в технических университетах.
Режим доступа: из корпоративной сети ТПУ
Dil:Rusça
Baskı/Yayın Bilgisi: Томск, Изд-во ТПУ, 2009
Konular:
Online Erişim:http://www.lib.tpu.ru/fulltext2/m/2012/m152.pdf
Materyal Türü: Elektronik Kitap
KOHA link:https://koha.lib.tpu.ru/cgi-bin/koha/opac-detail.pl?biblionumber=212680

MARC

LEADER 00000nlm0a2200000 4500
001 212680
005 20250917071651.0
035 |a (RuTPU)RU\TPU\book\232351 
090 |a 212680 
100 |a 20120329d2009 m y0rusy50 ca 
101 0 |a rus 
102 |a RU 
105 |a a j 000zy 
135 |a drnn ---uucaa 
200 1 |a Физика. Квантовая физика  |e учебник  |f Ю. И. Тюрин, И. П. Чернов, Ю. Ю. Крючков  |g Национальный исследовательский Томский политехнический университет (ТПУ) 
210 |a Томск  |c Изд-во ТПУ  |d 2009 
300 |a Заглавие с титульного экрана 
300 |a Электронная версия печатной публикации 
330 |a Учебник посвящен физике квантовых процессов, содержит многочисленные примеры, упражнения и задачи. Основное внимание уделено раскрытию физического смысла квантовой оптики, квантово-механическому описанию свойств атомов, современным представлениям физики конденсированного состояния. Классический по построению и содержанию курс имеет целью выработать у студентов практические навыки использования фундаментальных физических закономерностей для решения профессиональных задач. Учебник разработан в рамках реализации Инновационной образовательной программы ТПУ по направлению «Технологии водородной энергетики, энергосбережение и возобновляемые источники энергии» и предназначен для преподавателей, студентов, бакалавров, магистров, обучающихся в технических университетах. 
333 |a Режим доступа: из корпоративной сети ТПУ 
337 |a Adobe Reader 
452 1 |0 (RuTPU)RU\TPU\book\200016  |y 5-98298-457-4  |t Физика. Квантовая физика  |o учебник  |f Ю. И. Тюрин, И. П. Чернов, Ю. Ю. Крючков  |g Томский политехнический университет (ТПУ)  |c Томск  |n Изд-во ТПУ  |d 2009  |p 320 с.  |a Тюрин, Юрий Иванович 
606 1 |a Квантовая физика  |2 stltpush  |3 (RuTPU)RU\TPU\subj\42126  |9 61861 
610 1 |a свет 
610 1 |a корпускулярные свойства 
610 1 |a вещество 
610 1 |a волновые свойства 
610 1 |a квантовая механика 
610 1 |a атомы 
610 1 |a атомная физика 
610 1 |a конденсированные среды 
610 1 |a учебные пособия 
610 1 |a труды учёных ТПУ 
610 1 |a электронный ресурс 
675 |a 530.145.6(075.8)  |v 3 
700 1 |a Тюрин  |b Ю. И.  |c физик  |c профессор Томского политехнического университета, доктор физико-математических наук  |f 1950-  |g Юрий Иванович  |3 (RuTPU)RU\TPU\pers\19873  |9 7810 
701 1 |a Чернов  |b И. П.  |c физик  |c профессор Томского политехнического университета, доктор физико-математических наук  |f 1935-2025  |g Иван Петрович  |x TPU  |y Томск  |3 (RuTPU)RU\TPU\pers\12909  |9 3694 
701 1 |a Крючков  |b Ю. Ю.  |c физик  |c профессор Томского политехнического университета, доктор физико-математических наук  |f 1945-  |g Юрий Юрьевич  |3 (RuTPU)RU\TPU\pers\25821  |9 11694 
712 0 2 |a Национальный исследовательский Томский политехнический университет (ТПУ)  |c (2009- )  |3 (RuTPU)RU\TPU\col\15902 
801 1 |a RU  |b 63413507  |c 20100909 
801 2 |a RU  |b 63413507  |c 20120919  |g RCR 
856 4 |u http://www.lib.tpu.ru/fulltext2/m/2012/m152.pdf 
942 |c CF